00379nam a2200169Ia 4500008004100000020001400041245002300055245001500078260001500093260001600108260000900124300001400133300002500147300001000172500000800182999001900190170705s9999 xx 000 0 und d a590472836 aChristmas trolls / cJan Brett. aNew York : bScholastic, c1993 aunpaged : bcolor illustration ; c28cm. a440 c335742d335742